[Event "1st 4NCL Easter Congress"]
[Site "Stevenage"]
[Date "2019.04.21"]
[Round "5"]
[Board "7"]
[White "Richardson, John R"]
[Black "Moore, Gerald"]
[Result "1-0"]
[WhiteElo "2243"]
[BlackElo "2045"]
[PlyCount "0"]
[EventDate "2019.04.19"]
[EventRounds "7"]
[EventCountry "ENG"]

1. d4 {[%clk 01:27:11]} {[%emt 00:03:49]} Nf6 {[%emt 00:00:46]} 2. c4 {[%clk
01:27:14]} g6 {[%clk 01:30:58]} {[%emt 00:00:13]} 3. g3 {[%clk 01:27:37]}
{[%emt 00:00:08]} Bg7 {[%clk 01:30:45]} {[%emt 00:00:42]} 4. Bg2 {[%clk
01:28:04]} {[%emt 00:00:04]} O-O {[%clk 01:30:46]} {[%emt 00:00:29]} 5. Nc3
{[%clk 01:28:32]} {[%emt 00:00:02]} d6 {[%clk 01:30:41]} {[%emt 00:00:35]} 6.
Nf3 {[%clk 01:28:59]} {[%emt 00:00:03]} Nc6 {[%clk 01:30:51]} {[%emt 00:00:20]}
7. O-O {[%clk 01:29:23]} {[%emt 00:00:05]} Bg4 {[%clk 01:30:52]} {[%emt
00:00:29]} 8. d5 {[%clk 01:29:49]} {[%emt 00:00:04]} Na5 {[%clk 01:31:06]}
{[%emt 00:00:16]} 9. Nd2 {[%clk 01:30:16]} {[%emt 00:00:04]} c5 {[%clk
01:31:16]} {[%emt 00:00:20]} 10. Qc2 {[%clk 01:30:42]} {[%emt 00:00:04]} e5
{[%clk 01:30:27]} {[%emt 00:01:18]} 11. h3 {[%clk 01:25:53]} {[%emt 00:05:19]}
Bd7 {[%clk 01:30:24]} {[%emt 00:00:34]} 12. b3 {[%clk 01:26:19]} {[%emt
00:00:03]} b6 {[%clk 01:27:23]} {[%emt 00:03:32]} 13. Bb2 {[%clk 01:25:26]}
{[%emt 00:01:23]} Qe7 {[%clk 01:23:58]} {[%emt 00:03:54]} 14. e4 {[%clk
01:23:34]} {[%emt 00:02:22]} Nh5 {[%clk 01:19:01]} {[%emt 00:05:27]} 15. Qd1
{[%clk 01:23:07]} {[%emt 00:00:57]} Bh6 {[%clk 01:18:44]} {[%emt 00:00:47]} 16.
Qe2 {[%clk 01:20:30]} {[%emt 00:03:06]} Rae8 {[%clk 01:11:58]} {[%emt
00:07:17]} 17. Rae1 {[%clk 01:03:36]} {[%emt 00:17:24]} Bc8 {[%clk 01:06:00]}
{[%emt 00:06:29]} 18. Bc1 {[%clk 00:50:06]} {[%emt 00:13:59]} Nb7 {[%clk
01:01:11]} {[%emt 00:05:19]} 19. Qd1 {[%clk 00:48:57]} {[%emt 00:01:40]} Nd8
{[%clk 00:58:41]} {[%emt 00:02:59]} 20. a3 {[%clk 00:46:25]} {[%emt 00:03:03]}
f6 {[%clk 00:50:12]} {[%emt 00:08:58]} 21. b4 {[%clk 00:46:43]} {[%emt
00:00:13]} Nf7 {[%clk 00:50:28]} {[%emt 00:00:13]} 22. Nb3 {[%clk 00:44:37]}
{[%emt 00:02:36]} Bxc1 {[%clk 00:48:44]} {[%emt 00:02:14]} 23. Nxc1 {[%clk
00:45:06]} {[%emt 00:00:02]} Kh8 {[%clk 00:47:26]} {[%emt 00:01:47]} 24. Nd3
{[%clk 00:44:09]} {[%emt 00:01:27]} Qd7 {[%clk 00:40:19]} {[%emt 00:07:37]} 25.
Kh2 {[%clk 00:43:46]} {[%emt 00:00:53]} Ng7 {[%clk 00:39:56]} {[%emt 00:00:53]}
26. f4 {[%clk 00:42:48]} {[%emt 00:01:28]} exf4 {[%clk 00:33:06]} {[%emt
00:07:20]} 27. gxf4 {[%clk 00:43:17]} {[%emt 00:00:02]} g5 {[%clk 00:33:13]}
{[%emt 00:00:22]} 28. bxc5 {[%clk 00:42:17]} {[%emt 00:01:30]} bxc5 {[%clk
00:33:22]} {[%emt 00:00:21]} 29. fxg5 {[%clk 00:27:40]} {[%emt 00:15:07]} fxg5
{[%clk 00:31:21]} {[%emt 00:02:31]} 30. Qf3 {[%clk 00:27:24]} {[%emt 00:00:47]}
Kg8 {[%clk 00:20:27]} {[%emt 00:11:23]} 31. Qe3 {[%clk 00:27:26]} {[%emt
00:00:28]} Qe7 {[%clk 00:18:50]} {[%emt 00:02:08]} 32. e5 {[%clk 00:18:56]}
{[%emt 00:09:00]} Nf5 {[%clk 00:11:33]} {[%emt 00:07:46]} 33. Qd2 {[%clk
00:18:53]} {[%emt 00:00:33]} Nxe5 {[%clk 00:10:54]} {[%emt 00:01:10]} 34. Nxe5
{[%clk 00:17:48]} {[%emt 00:01:35]} dxe5 {[%clk 00:11:02]} {[%emt 00:00:21]} 35.
Ne4 {[%clk 00:18:07]} {[%emt 00:00:11]} Nd4 {[%clk 00:05:18]} {[%emt 00:06:14]}
36. Qxg5+ {[%clk 00:13:27]} {[%emt 00:05:10]} Qxg5 37. Nxg5 Bf5 {[%clk
00:03:29]} {[%emt 00:02:01]} 38. d6 {[%clk 00:11:24]} {[%emt 00:02:34]} Kg7
{[%clk 00:02:25]} {[%emt 00:01:33]} 39. Ne4 {[%clk 00:06:15]} {[%emt 00:05:38]}
Bxe4 {[%clk 00:01:40]} {[%emt 00:01:15]} 40. Bxe4 {[%clk 00:05:49]} {[%emt
00:00:57]} Rf4 {[%clk 00:01:10]} {[%emt 00:01:00]} 41. Bd5 {[%clk 00:05:20]}
{[%emt 00:00:59]} Rd8 {[%clk 00:00:43]} {[%emt 00:00:57]} 42. Rxf4 {[%clk
00:05:11]} {[%emt 00:00:39]} exf4 {[%clk 00:01:10]} {[%emt 00:00:03]} 43. Re7+
{[%clk 00:05:39]} {[%emt 00:00:03]} Kf6 {[%clk 00:00:34]} {[%emt 00:01:06]} 44.
Rxa7 {[%clk 00:03:09]} {[%emt 00:02:59]} Rxd6 {[%clk 00:00:57]} {[%emt
00:00:06]} 45. Rxh7 {[%clk 00:03:37]} {[%emt 00:00:03]} Kg5 {[%clk 00:00:43]}
{[%emt 00:00:45]} 46. Rg7+ {[%clk 00:03:46]} {[%emt 00:00:20]} Kh6 {[%clk
00:00:57]} {[%emt 00:00:16]} 47. Rg4 {[%clk 00:02:20]} {[%emt 00:01:56]} Ra6
{[%clk 00:00:58]} {[%emt 00:00:29]} 48. Rxf4 {[%clk 00:02:34]} {[%emt
00:00:16]} Rxa3 {[%clk 00:01:23]} {[%emt 00:00:06]} 49. Rg4 {[%clk 00:01:31]}
{[%emt 00:01:32]} Rc3 {[%clk 00:01:29]} {[%emt 00:00:24]} 50. Rg3 {[%clk
00:01:44]} {[%emt 00:00:17]} Rc2+ {[%clk 00:01:48]} {[%emt 00:00:11]} 51. Rg2
{[%clk 00:02:13]} {[%emt 00:00:02]} Rc3 {[%clk 00:01:57]} {[%emt 00:00:21]} 52.
Rf2 {[%clk 00:02:19]} {[%emt 00:00:23]} Kg5 {[%clk 00:02:06]} {[%emt 00:00:21]}
53. Rg2+ {[%clk 00:02:05]} {[%emt 00:00:45]} Kf5 {[%clk 00:01:41]} {[%emt
00:00:54]} 54. h4 {[%clk 00:01:44]} {[%emt 00:00:51]} Ra3 {[%clk 00:01:17]}
{[%emt 00:00:54]} 55. h5 {[%clk 00:02:08]} {[%emt 00:00:06]} Ra6 {[%clk
00:01:23]} {[%emt 00:00:23]} 56. Kh3 {[%clk 00:02:23]} {[%emt 00:00:16]} Kf4
{[%clk 00:01:25]} {[%emt 00:00:29]} 57. Rg4+ {[%clk 00:01:50]} {[%emt
00:01:03]} Ke3 {[%clk 00:01:25]} {[%emt 00:00:30]} 58. Rg6 {[%clk 00:01:47]}
{[%emt 00:00:32]} Ra1 {[%clk 00:01:19]} {[%emt 00:00:37]} 59. h6 {[%clk
00:02:07]} {[%emt 00:00:09]} Nf3 {[%clk 00:00:55]} {[%emt 00:00:54]} 60. Rg3
{[%clk 00:00:57]} {[%emt 00:01:40]} Rh1 {[%clk 00:01:19]} {[%emt 00:00:07]} 61.
Kg4 {[%clk 00:01:17]} {[%emt 00:00:09]} Rh4+ {[%clk 00:01:38]} {[%emt
00:00:11]} 62. Kf5 {[%clk 00:01:47]} {[%emt 00:00:01]}  1-0

[Event "1st 4NCL Easter Congress"]
[Site "Stevenage"]
[Date "2019.04.21"]
[Round "5"]
[Board "8"]
[White "Brett, Andrew R"]
[Black "Merriman, John"]
[Result "0-1"]
[WhiteElo "2114"]
[BlackElo "2238"]
[PlyCount "0"]
[EventDate "2019.04.19"]
[EventRounds "7"]
[EventCountry "ENG"]

1. c4 {[%clk 01:30:55]} {[%emt 00:00:04]} e6 {[%clk 01:30:37]} {[%emt
00:00:24]} 2. Nc3 {[%clk 01:29:27]} {[%emt 00:01:58]} d5 {[%clk 01:30:25]}
{[%emt 00:00:42]} 3. d4 {[%clk 01:29:15]} {[%emt 00:00:41]} Nf6 {[%clk
01:30:47]} {[%emt 00:00:08]} 4. cxd5 {[%clk 01:29:16]} {[%emt 00:00:29]} exd5
{[%clk 01:31:11]} {[%emt 00:00:07]} 5. Bg5 {[%clk 01:29:37]} {[%emt 00:00:08]}
Be7 {[%clk 01:30:54]} {[%emt 00:00:47]} 6. e3 {[%clk 01:29:56]} {[%emt
00:00:11]} O-O {[%clk 01:30:24]} {[%emt 00:01:01]} 7. Bd3 {[%clk 01:30:16]}
{[%emt 00:00:09]} c6 {[%clk 01:29:45]} {[%emt 00:01:09]} 8. Nge2 {[%clk
01:29:48]} {[%emt 00:00:58]} Nbd7 {[%clk 01:26:28]} {[%emt 00:03:47]} 9. O-O
{[%clk 01:29:16]} {[%emt 00:01:02]} Re8 {[%clk 01:26:24]} {[%emt 00:00:34]} 10.
f3 {[%clk 01:28:13]} {[%emt 00:01:33]} h6 {[%clk 01:24:46]} {[%emt 00:02:08]}
11. Bh4 {[%clk 01:28:14]} {[%emt 00:00:29]} c5 {[%clk 01:21:30]} {[%emt
00:03:47]} 12. dxc5 {[%clk 01:27:39]} {[%emt 00:01:04]} Nxc5 {[%clk 01:20:49]}
{[%emt 00:01:11]} 13. Bc2 {[%clk 01:27:32]} {[%emt 00:00:37]} Be6 {[%clk
01:19:29]} {[%emt 00:01:50]} 14. Nd4 {[%clk 01:26:12]} {[%emt 00:01:50]} Qb6
{[%clk 01:15:53]} {[%emt 00:04:06]} 15. Rb1 {[%clk 01:24:17]} {[%emt 00:02:26]}
Rac8 {[%clk 01:07:01]} {[%emt 00:09:21]} 16. Na4 {[%clk 01:17:00]} {[%emt
00:07:47]} Nxa4 {[%clk 00:52:22]} {[%emt 00:15:09]} 17. Bxa4 {[%clk 01:16:19]}
{[%emt 00:01:10]} Bd7 {[%clk 00:45:37]} {[%emt 00:07:16]} 18. Bb3 {[%clk
01:11:33]} {[%emt 00:05:16]} Bc5 {[%clk 00:42:15]} {[%emt 00:03:52]} 19. Bf2
{[%clk 01:10:33]} {[%emt 00:01:30]} a5 {[%clk 00:35:49]} {[%emt 00:06:57]} 20.
a3 {[%clk 00:52:17]} {[%emt 00:18:46]} Bxd4 {[%clk 00:28:48]} {[%emt 00:07:31]}
21. exd4 {[%clk 00:52:24]} {[%emt 00:00:22]} Bf5 {[%clk 00:28:54]} {[%emt
00:00:24]} 22. Ra1 {[%clk 00:51:40]} {[%emt 00:01:14]} Re7 {[%clk 00:28:19]}
{[%emt 00:01:05]} 23. Bh4 {[%clk 00:46:20]} {[%emt 00:05:49]} Re3 {[%clk
00:18:11]} {[%emt 00:10:38]} 24. Ba2 {[%clk 00:35:04]} {[%emt 00:11:47]} Rd3
{[%clk 00:13:59]} {[%emt 00:04:42]} 25. Qe2 {[%clk 00:34:38]} {[%emt 00:00:55]}
Qxd4+ {[%clk 00:12:03]} {[%emt 00:02:27]} 26. Bf2 {[%clk 00:32:35]} {[%emt
00:02:32]} Qf4 {[%clk 00:11:59]} {[%emt 00:00:34]} 27. Rad1 {[%clk 00:31:43]}
{[%emt 00:01:23]} Re8 {[%clk 00:11:15]} {[%emt 00:01:14]} 28. Qxd3 {[%clk
00:28:10]} {[%emt 00:04:03]} Bxd3 {[%clk 00:11:39]} {[%emt 00:00:05]} 29. Rxd3
{[%clk 00:28:37]} {[%emt 00:00:04]} Re2 {[%clk 00:11:41]} {[%emt 00:00:28]} 30.
Rd4 {[%clk 00:27:06]} {[%emt 00:02:01]} Qe5 {[%clk 00:11:00]} {[%emt 00:01:11]}
31. f4 {[%clk 00:25:11]} {[%emt 00:02:25]} Qc7 {[%clk 00:10:12]} {[%emt
00:01:18]} 32. Bb1 {[%clk 00:24:53]} {[%emt 00:00:48]} Rxb2 {[%clk 00:10:13]}
{[%emt 00:00:29]} 33. Re1 {[%clk 00:24:15]} {[%emt 00:01:08]} g6 {[%clk
00:09:19]} {[%emt 00:01:24]} 34. Rdd1 {[%clk 00:21:05]} {[%emt 00:03:40]} Rxf2
{[%clk 00:08:05]} {[%emt 00:01:43]}  0-1

[Event "1st 4NCL Easter Congress"]
[Site "Stevenage"]
[Date "2019.04.21"]
[Round "5"]
[Board "9"]
[White "Mccullough, Simon L"]
[Black "Eames, Robert S"]
[Result "1-0"]
[WhiteElo "2083"]
[BlackElo "2134"]
[PlyCount "0"]
[EventDate "2019.04.19"]
[EventRounds "7"]
[EventCountry "ENG"]

1. Nf3 {[%clk 01:30:57]} {[%emt 00:00:03]} c5 {[%clk 01:29:32]} {[%emt
00:01:29]} 2. g3 {[%clk 01:31:07]} {[%emt 00:00:19]} Nc6 {[%clk 01:29:45]}
{[%emt 00:00:18]} 3. d4 {[%clk 01:30:07]} {[%emt 00:01:28]} cxd4 {[%clk
01:29:30]} {[%emt 00:00:46]} 4. Nxd4 {[%clk 01:30:32]} {[%emt 00:00:05]} g6
{[%clk 01:29:11]} {[%emt 00:00:49]} 5. Bg2 {[%clk 01:26:11]} {[%emt 00:04:50]}
Bg7 {[%clk 01:29:18]} {[%emt 00:00:23]} 6. Nb3 {[%clk 01:25:46]} {[%emt
00:00:55]} Nf6 {[%clk 01:29:13]} {[%emt 00:00:36]} 7. O-O {[%clk 01:24:27]}
{[%emt 00:01:49]} O-O {[%clk 01:29:37]} {[%emt 00:00:06]} 8. c4 {[%clk
01:21:10]} {[%emt 00:03:46]} a5 {[%clk 01:29:30]} {[%emt 00:00:38]} 9. Nc3
{[%clk 01:20:38]} {[%emt 00:01:02]} a4 {[%clk 01:29:14]} {[%emt 00:00:46]} 10.
Nd4 {[%clk 01:18:51]} {[%emt 00:02:17]} Nxd4 {[%clk 01:27:28]} {[%emt
00:02:16]} 11. Qxd4 {[%clk 01:19:17]} {[%emt 00:00:05]} d6 {[%clk 01:27:06]}
{[%emt 00:00:52]} 12. Qh4 {[%clk 01:10:32]} {[%emt 00:09:14]} a3 {[%clk
01:26:50]} {[%emt 00:00:47]} 13. Bf3 {[%clk 00:51:53]} {[%emt 00:19:08]} Nd7
{[%clk 01:21:57]} {[%emt 00:05:23]} 14. Rb1 {[%clk 00:49:41]} {[%emt 00:02:42]}
Ne5 {[%clk 01:21:18]} {[%emt 00:01:09]} 15. Nd5 {[%clk 00:48:57]} {[%emt
00:01:15]} f6 {[%clk 01:13:45]} {[%emt 00:08:03]} 16. bxa3 {[%clk 00:46:07]}
{[%emt 00:03:20]} g5 {[%clk 01:12:50]} {[%emt 00:01:24]} 17. Qd4 {[%clk
00:46:13]} {[%emt 00:00:24]} Ra6 {[%clk 01:09:36]} {[%emt 00:03:44]} 18. c5
{[%clk 00:37:05]} {[%emt 00:09:38]} f5 {[%clk 01:06:59]} {[%emt 00:03:07]} 19.
Qb4 {[%clk 00:36:56]} {[%emt 00:00:40]} Nc6 {[%clk 01:01:00]} {[%emt 00:06:28]}
20. Qc4 {[%clk 00:31:23]} {[%emt 00:06:03]} e6 {[%clk 01:00:06]} {[%emt
00:01:25]} 21. Nb4 {[%clk 00:27:58]} {[%emt 00:03:55]} d5 {[%clk 00:53:24]}
{[%emt 00:07:12]} 22. Qc2 {[%clk 00:22:43]} {[%emt 00:05:44]} Nd4 {[%clk
00:52:10]} {[%emt 00:01:45]} 23. Qd2 {[%clk 00:14:21]} {[%emt 00:08:51]} g4
{[%clk 00:51:53]} {[%emt 00:00:47]} 24. Bg2 {[%clk 00:14:03]} {[%emt 00:00:48]}
Ra5 {[%clk 00:51:34]} {[%emt 00:00:50]} 25. Bb2 {[%clk 00:14:06]} {[%emt
00:00:26]} Nb5 {[%clk 00:51:03]} {[%emt 00:01:01]} 26. Bxg7 {[%clk 00:14:12]}
{[%emt 00:00:25]} Kxg7 {[%clk 00:51:07]} {[%emt 00:00:26]} 27. Rb3 {[%clk
00:11:53]} {[%emt 00:02:49]} d4 {[%clk 00:49:26]} {[%emt 00:02:10]} 28. c6
{[%clk 00:11:34]} {[%emt 00:00:49]} b6 {[%clk 00:49:34]} {[%emt 00:00:23]} 29.
c7 {[%clk 00:10:13]} {[%emt 00:01:50]} Qf6 {[%clk 00:48:15]} {[%emt 00:01:49]}
30. Nc6 {[%clk 00:10:13]} {[%emt 00:00:30]} Nc3 {[%clk 00:48:28]} {[%emt
00:00:18]} 31. Nxa5 {[%clk 00:10:30]} {[%emt 00:00:12]} bxa5 {[%clk 00:48:49]}
{[%emt 00:00:10]} 32. Rb8 {[%clk 00:05:37]} {[%emt 00:05:23]} Qe5 {[%clk
00:48:16]} {[%emt 00:01:03]} 33. Qg5+ {[%clk 00:05:51]} {[%emt 00:00:16]} Kf7
{[%clk 00:46:33]} {[%emt 00:02:13]} 34. Qd8 {[%clk 00:02:17]} {[%emt 00:04:04]}
Nxe2+ {[%clk 00:43:02]} {[%emt 00:04:01]} 35. Kh1 {[%clk 00:02:45]} {[%emt
00:00:02]} Rxd8 {[%clk 00:43:24]} {[%emt 00:00:08]} 36. cxd8=Q {[%emt
00:00:08]} Qxb8 {[%clk 00:43:34]} {[%emt 00:00:19]} 37. f3 {[%clk 00:02:22]}
{[%emt 00:01:17]} h5 {[%clk 00:37:30]} {[%emt 00:06:33]} 38. fxg4 {[%clk
00:02:45]} {[%emt 00:00:08]} hxg4 {[%clk 00:37:45]} {[%emt 00:00:14]} 39. a4
{[%clk 00:01:38]} {[%emt 00:01:38]} Qb7 {[%clk 00:36:03]} {[%emt 00:02:11]} 40.
Rc1 {[%clk 00:01:24]} {[%emt 00:00:44]} Nxc1 {[%clk 00:34:22]} {[%emt
00:02:11]} 41. Bxb7 {[%clk 00:01:48]} {[%emt 00:00:06]} Bxb7+ {[%clk 00:34:18]}
{[%emt 00:00:34]} 42. Kg1 {[%clk 00:02:17]} Ne2+ {[%clk 00:34:37]} {[%emt
00:00:11]} 43. Kf2 {[%clk 00:02:42]} {[%emt 00:00:05]} Bf3 {[%clk 00:34:57]}
{[%emt 00:00:10]} 44. Qxa5 {[%clk 00:02:40]} {[%emt 00:00:33]} Kf6 {[%clk
00:33:39]} {[%emt 00:01:47]} 45. Qd8+ {[%clk 00:03:00]} {[%emt 00:00:10]} Ke5
{[%clk 00:34:01]} {[%emt 00:00:08]} 46. h4 {[%clk 00:02:39]} {[%emt 00:00:51]}
Nc3 {[%clk 00:34:22]} {[%emt 00:00:10]} 47. h5 {[%clk 00:01:34]} {[%emt
00:01:35]} Ne4+ {[%clk 00:29:33]} {[%emt 00:05:19]} 48. Ke1 {[%clk 00:02:00]}
{[%emt 00:00:03]} f4 {[%clk 00:28:43]} {[%emt 00:01:19]} 49. h6 {[%clk
00:01:48]} {[%emt 00:00:43]} fxg3 {[%clk 00:26:55]} {[%emt 00:02:18]} 50. h7
{[%clk 00:02:13]} {[%emt 00:00:05]} g2 {[%clk 00:26:49]} {[%emt 00:00:37]} 51.
h8=Q+ {[%clk 00:02:38]} {[%emt 00:00:04]} Kf4 {[%clk 00:27:05]} {[%emt
00:00:14]} 52. Qdxd4 {[%clk 00:02:52]} {[%emt 00:00:16]}  1-0

[Event "1st 4NCL Easter Congress"]
[Site "Stevenage"]
[Date "2019.04.21"]
[Round "5"]
[Board "10"]
[White "Ansari, Athar"]
[Black "Britton, Richard"]
[Result "0-1"]
[WhiteElo "1934"]
[BlackElo "2181"]
[PlyCount "0"]
[EventDate "2019.04.19"]
[EventRounds "7"]
[EventCountry "ENG"]

1. d4 {[%emt 00:12:25]} Nf6 {[%emt 00:00:05]} 2. Bf4 {[%emt 00:00:19]} g6
{[%emt 00:06:37]} 3. Nf3 {[%emt 00:00:08]} Bg7 {[%emt 00:00:04]} 4. c3 {[%emt
00:01:05]} b6 {[%emt 00:01:15]} 5. h3 {[%emt 00:00:38]} Bb7 {[%emt 00:00:16]} 6.
e3 {[%emt 00:00:11]} O-O {[%emt 00:01:34]} 7. Be2 {[%emt 00:03:55]} d6 {[%emt
00:00:14]} 8. O-O {[%emt 00:01:39]} Nbd7 {[%emt 00:00:03]} 9. Na3 {[%emt
00:01:52]} c5 {[%emt 00:00:47]} 10. Rc1 {[%emt 00:05:09]} a6 {[%emt 00:05:12]}
11. Qb3 {[%emt 00:04:56]} b5 {[%emt 00:02:43]} 12. Qc2 {[%emt 00:04:08]} Rc8
{[%emt 00:02:11]} 13. Qd2 {[%emt 00:04:01]} Ne4 {[%emt 00:05:33]} 14. Qe1
{[%emt 00:02:04]} e5 {[%emt 00:00:55]} 15. dxe5 {[%emt 00:00:52]} dxe5 {[%emt
00:00:05]} 16. Bh2 {[%emt 00:00:08]} Qe7 {[%emt 00:01:26]} 17. Nd2 {[%emt
00:00:22]} Nef6 {[%emt 00:06:34]} 18. f3 {[%emt 00:04:18]} Nd5 {[%emt
00:07:32]} 19. Nc2 {[%emt 00:01:01]} Bh6 {[%emt 00:03:01]} 20. e4 {[%emt
00:00:08]} Nf4 {[%emt 00:01:03]} 21. Rd1 {[%emt 00:00:36]} Rcd8 {[%emt
00:01:48]} 22. Nb3 {[%emt 00:01:40]} c4 {[%emt 00:07:10]} 23. Na5 {[%emt
00:00:29]} Ba8 {[%emt 00:01:52]} 24. Nb4 {[%emt 00:01:33]} Qc5+ {[%emt
00:04:50]} 25. Kh1 {[%emt 00:02:30]} Qc7 {[%emt 00:01:37]} 26. Qh4 {[%emt
00:08:48]} Nxe2 {[%emt 00:15:58]} 27. Qxh6 {[%emt 00:00:19]} Qxa5 {[%emt
00:00:07]} 28. g3 {[%emt 00:03:32]} Nd4 {[%emt 00:01:29]} 29. f4 {[%emt
00:03:18]} Bxe4+ {[%emt 00:00:34]} 30. Kg1 {[%emt 00:00:26]} Nf5 {[%emt
00:00:44]} 31. Qg5 {[%emt 00:00:44]} Qb6+ {[%emt 00:03:37]}  0-1

[Event "1st 4NCL Easter Congress"]
[Site "Stevenage"]
[Date "2019.04.21"]
[Round "5"]
[Board "11"]
[White "Ratnesan, Ranesh"]
[Black "Luberto, Michael"]
[Result "1-0"]
[WhiteElo "2116"]
[BlackElo "1930"]
[PlyCount "0"]
[EventDate "2019.04.19"]
[EventRounds "7"]
[EventCountry "ENG"]

1. d4 {[%clk 01:30:57]} Nf6 {[%clk 01:22:38]} {[%emt 00:08:22]} 2. Bg5 {[%clk
01:31:12]} {[%emt 00:00:16]} g6 {[%clk 01:22:54]} {[%emt 00:00:14]} 3. Bxf6
{[%clk 01:31:23]} {[%emt 00:00:19]} exf6 {[%clk 01:23:22]} {[%emt 00:00:02]} 4.
e3 {[%clk 01:31:35]} {[%emt 00:00:19]} f5 {[%clk 01:23:27]} {[%emt 00:00:25]} 5.
g3 {[%clk 01:31:44]} {[%emt 00:00:21]} Bg7 {[%clk 01:23:54]} {[%emt 00:00:03]}
6. Bg2 {[%clk 01:32:07]} {[%emt 00:00:07]} d6 {[%clk 01:24:22]} {[%emt
00:00:03]} 7. Ne2 {[%clk 01:32:26]} {[%emt 00:00:10]} Nd7 {[%clk 01:24:47]}
{[%emt 00:00:05]} 8. O-O {[%clk 01:32:40]} {[%emt 00:00:16]} Nf6 {[%clk
01:25:16]} 9. c4 {[%clk 01:32:58]} {[%emt 00:00:13]} O-O {[%clk 01:25:44]}
{[%emt 00:00:02]} 10. Nbc3 {[%emt 00:00:29]} Re8 {[%clk 01:25:51]} 11. b4
{[%clk 01:33:00]} {[%emt 00:00:51]} Ne4 {[%clk 01:26:18]} {[%emt 00:00:03]} 12.
Qc2 {[%clk 01:33:06]} {[%emt 00:00:25]} Qe7 {[%clk 01:20:35]} {[%emt 00:06:13]}
13. Rab1 {[%clk 01:28:24]} {[%emt 00:05:12]} g5 {[%clk 01:16:39]} {[%emt
00:04:26]} 14. b5 {[%clk 01:27:00]} {[%emt 00:01:53]} h5 {[%clk 01:13:49]}
{[%emt 00:03:21]} 15. a4 {[%clk 01:21:18]} {[%emt 00:06:12]} h4 {[%clk
01:12:56]} {[%emt 00:01:22]} 16. a5 {[%clk 01:20:24]} {[%emt 00:01:25]} a6
{[%clk 01:13:21]} {[%emt 00:00:05]} 17. Nd5 {[%clk 01:20:21]} {[%emt 00:00:33]}
Qd8 {[%clk 01:13:46]} {[%emt 00:00:05]} 18. b6 {[%clk 01:19:58]} {[%emt
00:00:53]} c6 {[%clk 01:12:51]} {[%emt 00:01:25]} 19. Nc7 {[%clk 01:19:46]}
{[%emt 00:00:42]} Bd7 {[%clk 01:13:20]} 20. Nxe8 {[%clk 01:13:45]} {[%emt
00:06:33]} Qxe8 {[%clk 01:13:47]} {[%emt 00:00:02]} 21. gxh4 {[%clk 01:12:05]}
{[%emt 00:02:11]} f6 {[%clk 01:12:28]} {[%emt 00:01:49]} 22. f3 {[%clk
01:11:14]} {[%emt 00:01:20]} Nc5 {[%clk 01:12:57]} {[%emt 00:00:01]} 23. e4
{[%clk 01:05:47]} {[%emt 00:05:57]} Ne6 {[%clk 01:12:02]} {[%emt 00:01:24]} 24.
exf5 {[%clk 01:06:02]} {[%emt 00:00:16]} Nf4 {[%clk 01:12:31]} 25. Nxf4 {[%clk
00:57:00]} {[%emt 00:09:32]} Qe3+ {[%clk 01:13:00]} {[%emt 00:00:02]} 26. Kh1
{[%clk 00:56:43]} {[%emt 00:00:47]} Qxf4 {[%clk 01:13:28]} {[%emt 00:00:02]} 27.
Bh3 {[%emt 00:01:55]} Re8 {[%clk 01:13:20]} 28. Bg4 {[%clk 00:53:54]} {[%emt
00:02:32]} Qxd4 {[%clk 00:55:33]} {[%emt 00:18:18]} 29. Rbd1 {[%clk 00:48:49]}
{[%emt 00:05:35]} Qf4 {[%clk 00:55:58]} {[%emt 00:00:04]} 30. Qd3 {[%clk
00:47:41]} {[%emt 00:01:39]} Bf8 {[%clk 00:55:21]} {[%emt 00:01:07]} 31. Rfe1
{[%clk 00:39:31]} {[%emt 00:08:40]} gxh4 {[%clk 00:50:02]} {[%emt 00:05:48]} 32.
Re4 {[%clk 00:36:54]} {[%emt 00:03:07]} Rxe4 {[%clk 00:45:54]} {[%emt
00:04:37]} 33. Qxe4 {[%clk 00:33:47]} {[%emt 00:03:38]} Qe5 {[%clk 00:45:59]}
{[%emt 00:00:25]} 34. Bh5 {[%clk 00:26:17]} {[%emt 00:08:00]} Qxe4 {[%clk
00:41:04]} {[%emt 00:05:25]} 35. fxe4 {[%clk 00:26:40]} {[%emt 00:00:07]} c5
{[%clk 00:41:33]} {[%emt 00:00:02]} 36. Kg2 {[%clk 00:26:16]} {[%emt 00:00:54]}
Ba4 {[%clk 00:41:17]} {[%emt 00:00:45]} 37. Ra1 {[%clk 00:21:53]} {[%emt
00:04:54]} Bb3 {[%clk 00:40:50]} {[%emt 00:00:57]} 38. Be8 {[%clk 00:21:32]}
{[%emt 00:00:52]} d5 {[%clk 00:40:10]} {[%emt 00:01:08]} 39. cxd5 {[%clk
00:21:41]} {[%emt 00:00:21]} Bd6 {[%clk 00:40:35]} {[%emt 00:00:05]} 40. Ba4
{[%clk 00:19:32]} {[%emt 00:02:40]} Bc4 {[%clk 00:31:44]} {[%emt 00:09:20]} 41.
Bc2 {[%clk 00:17:21]} {[%emt 00:02:42]} Kf8 {[%clk 00:31:03]} {[%emt 00:01:11]}
42. Ra3 {[%clk 00:13:17]} {[%emt 00:04:34]} Bb5 {[%clk 00:25:36]} {[%emt
00:05:56]} 43. Rh3 {[%clk 00:12:57]} {[%emt 00:00:51]} c4 {[%clk 00:25:38]}
{[%emt 00:00:28]} 44. Rxh4 {[%clk 00:13:03]} {[%emt 00:00:23]} Kg8 {[%clk
00:25:30]} {[%emt 00:00:38]} 45. Rh6 {[%clk 00:12:48]} {[%emt 00:00:45]} Kg7
{[%clk 00:25:52]} {[%emt 00:00:08]} 46. Rg6+ {[%clk 00:13:04]} {[%emt
00:00:15]} Kf7 {[%clk 00:26:21]} 47. h4 {[%clk 00:13:09]} {[%emt 00:00:25]}  1-0